00748 2200205 4500001002100000005001500021008004100036020001700077035001900094041000800113082001100121084001700132100002100149245004800170260003000218300001600248520023100264650002400495650002300519INLIS00000000000085320200508201224200508||||||||| | ||| |||| ||eng|| a0421927707xx 0010-0520000853 aeng0 a349.42 a349.42/GRE/S0 aDaniel Greenberg00aStroud's Judicial Dictionary of Words 07156 aLondonbAbdi Tandurc2006 a1925-3086.; aCompared to one edition before, this dictionary is better in examining a number of old entries to confirm their accuracy and to re-organize them to facilitate logical and efficient searching in legislation and legal documents. 0a1. Law - Dictionary 0a2. Law Terminology